| 000 | 00762nam a22002297a 4500 | ||
|---|---|---|---|
| 003 | NISER | ||
| 005 | 20260417174658.0 | ||
| 008 | 260417b |||||||| |||| 00| 0 hin d | ||
| 040 |
_aNISER LIBRARY _beng _cNISER LIBRARY |
||
| 082 | 0 | 4 |
_a537.62 _bVV-P |
| 100 | 1 | _aV V, Jyothis | |
| 245 | 1 | 0 |
_aPerturbing magnetic order on the pyrochlore lattice : _beffect of anisotropies, fields and magnon interactions |
| 260 |
_aBhubaneswar : _bNISER, _c2025. |
||
| 300 |
_axii, 166 pages : _billustrations ; _c30 cm. |
||
| 650 | 0 | _aPyrochlore lattice | |
| 650 | 0 | _aMagnon bands | |
| 650 | 0 | _aLattice dynamics | |
| 650 | 0 | _aMagnetic interactions | |
| 700 | 1 |
_aChandra, V. Ravi _eGuide |
|
| 856 | _uhttps://idr.niser.ac.in/jspui/handle/123456789/1508 | ||
| 942 |
_2udc _cTHPHD |
||
| 999 |
_c36861 _d36861 |
||